[Event "Online Olym Div2 E 2020"]
[Site "chess.com INT"]
[Date "2020.08.15"]
[Round "4.4"]
[Board "5"]
[White "Titichoca Daza, Daniel"]
[Black "Coro, Lucas"]
[Result "0-1"]
[WhiteTitle "CM"]
[BlackTitle "IM"]
[WhiteElo "2090"]
[BlackElo "2352"]
[WhiteTeam "Bolivia"]
[BlackTeam "Argentina"]
[WhiteFideId "3309550"]
[BlackFideId "147222"]
[EventDate "2020.08.14"]
[EventType "team"]

1. e4 c6 2. d4 d5 3. e5 Bf5 4. Nc3 e6 5. g4 Bg6 6. Nge2 f6 7. Nf4 Bf7 8. exf6
gxf6 9. Qe2 Qe7 10. Nd3 Nd7 11. f4 Bg7 12. Bg2 O-O-O 13. O-O h5 14. h3 hxg4 15.
hxg4 e5 16. Be3 e4 17. Nf2 f5 18. g5 Qd6 19. Nh3 Ne7 20. Rab1 Ng6 21. b4 Nb6 22.
b5 Nc4 23. bxc6 Qxc6 24. Rb3 Nh4 25. Nb5 Kb8 26. Rfb1 Rd7 27. Na3 Bh5 28. Qf2
Nf3+ 29. Kf1 Nh2+ 30. Kg1 Ng4 31. Qg3 Ncxe3 32. Rxe3 Bxd4 33. Re1 Qc5 0-1

[Event "Online Olym Div2 E 2020"]
[Site "chess.com INT"]
[Date "2020.08.15"]
[Round "4.5"]
[Board "2"]
[White "Capo Vidal, Uriel"]
[Black "Minero Pineda, Sergio"]
[Result "0-1"]
[WhiteTitle "IM"]
[BlackTitle "IM"]
[WhiteElo "2334"]
[BlackElo "2365"]
[WhiteTeam "Mexico"]
[BlackTeam "Costa Rica"]
[WhiteFideId "5105382"]
[BlackFideId "6500374"]
[EventDate "2020.08.14"]
[EventType "team"]

1. d4 Nf6 2. c4 e6 3. Nf3 Bb4+ 4. Bd2 Qe7 5. e3 O-O 6. Bd3 b6 7. O-O Bb7 8. a3
Bxd2 9. Nbxd2 d5 10. Qc2 dxc4 11. Bxc4 c5 12. Rfd1 Nbd7 13. Rac1 Rfd8 14. Be2
Rac8 15. Qb1 h6 16. h3 cxd4 17. Nxd4 Nc5 18. Bf3 a6 19. b4 Na4 20. Rxc8 Rxc8 21.
Rc1 Nc3 22. Qd3 Ncd5 23. Rxc8+ Bxc8 24. e4 Nf4 25. Qe3 e5 26. Nf5 Qc7 27. Nf1
Kh7 28. Qd2 Bb7 29. N1g3 g6 30. Ne3 h5 31. h4 Kg7 32. Kh2 Bc8 33. Bd1 Be6 34.
Bc2 Qd7 35. Qxd7 Bxd7 36. Nc4 Ng4+ 37. Kg1 b5 38. Nb6 Bc6 39. Bb3 f6 40. a4 Nd3
41. axb5 axb5 42. Bd5 Be8 43. f3 Ne3 44. Ne2 Nxb4 45. Be6 Nd3 46. Nd5 Nxd5 47.
exd5 Nc5 48. Bc8 b4 49. Kf2 b3 50. Ke3 b2 51. Nc3 Kf7 52. Kd2 Ke7 53. Kc2 Na4
54. Ne4 Bb5 55. d6+ Kd8 56. Nd2 Kxc8 0-1

[Event "Online Olym Div2 E 2020"]
[Site "chess.com INT"]
[Date "2020.08.15"]
[Round "4.5"]
[Board "3"]
[White "Hernandez Alvarez, Tania Regla"]
[Black "Corrales Jimenez, Zenia"]
[Result "0-1"]
[WhiteTitle "WIM"]
[BlackTitle "WIM"]
[WhiteElo "2041"]
[BlackElo "2234"]
[WhiteTeam "Costa Rica"]
[BlackTeam "Mexico"]
[WhiteFideId "3501442"]
[BlackFideId "3506355"]
[EventDate "2020.08.14"]
[EventType "team"]

1. e4 c5 2. d4 cxd4 3. c3 dxc3 4. Nxc3 Nc6 5. Nf3 d6 6. Bc4 e6 7. O-O Nf6 8. Qe2
Be7 9. Rd1 e5 10. h3 O-O 11. b3 Be6 12. a4 Na5 13. Nxe5 Nxb3 14. Rb1 Nxc1 15.
Rbxc1 Qa5 16. Bxe6 Qxe5 17. Bd5 Rac8 18. Qe3 Nh5 19. Bxb7 Bg5 20. Qe1 Bxc1 21.
Rxc1 Rc7 22. Ba6 Nf4 23. Qe3 Qg5 24. Bf1 Nxh3+ 25. Kh2 Qxe3 26. fxe3 Ng5 27. Ba6
Nxe4 28. Ne2 Rxc1 29. Nxc1 Rb8 30. Nd3 Nc5 31. Nxc5 dxc5 32. Kg3 Rb4 33. Bb5 c4
34. Kf3 c3 35. Ke2 Rb2+ 36. Kd3 c2 37. Kd2 c1=Q+ 38. Kxc1 Rxg2 39. Kd1 h5 40.
Ke1 h4 41. Kf1 Rb2 42. Kg1 g5 43. Bd7 Kg7 44. e4 Kf6 45. Bf5 Ke5 46. Kh1 Kf4 47.
Kg1 Kg3 48. Kf1 h3 0-1

[Event "Online Olym Div2 E 2020"]
[Site "chess.com INT"]
[Date "2020.08.15"]
[Round "4.5"]
[Board "5"]
[White "Valverde Mora, Mauricio"]
[Black "Tello Chavez, Isaac Valent"]
[Result "0-1"]
[BlackTitle "FM"]
[WhiteElo "1792"]
[BlackElo "2275"]
[WhiteTeam "Costa Rica"]
[BlackTeam "Mexico"]
[WhiteFideId "6515223"]
[BlackFideId "5114241"]
[EventDate "2020.08.14"]
[EventType "team"]

1. c4 e5 2. g3 d6 3. Bg2 f5 4. Nc3 Nf6 5. d3 Be7 6. e3 O-O 7. Nge2 c6 8. O-O Be6
9. f4 Nbd7 10. b4 a6 11. a4 Qb6 12. Rb1 Kh8 13. h3 Qc7 14. Bd2 Rab8 15. b5 axb5
16. axb5 Nc5 17. Qc2 e4 18. dxe4 Bxc4 19. Rb4 Bd3 20. Qb2 Bxe2 21. Nxe2 Nd3 22.
Qc2 Nxb4 23. Bxb4 fxe4 24. Bxe4 d5 25. Bxe7 Qxe7 26. Bg2 Qxe3+ 27. Kh2 cxb5 28.
Nc3 Rbc8 29. Nd1 Qxg3+ 30. Kxg3 Rxc2 31. Ne3 Rc3 32. Kf2 Ne4+ 33. Bxe4 dxe4 34.
f5 g6 35. Ke2 gxf5 36. Nxf5 Rf3 37. Ne3 Rxe3+ 0-1

[Event "Online Olym Div2 E 2020"]
[Site "chess.com INT"]
[Date "2020.08.15"]
[Round "4.5"]
[Board "6"]
[White "Lopez Sanchez, Anastacia Antonia"]
[Black "Diaz Charpentier, Kristel Meliss"]
[Result "0-1"]
[WhiteTitle "WCM"]
[WhiteElo "1809"]
[BlackElo "1898"]
[WhiteTeam "Mexico"]
[BlackTeam "Costa Rica"]
[WhiteFideId "5115825"]
[BlackFideId "6511708"]
[EventDate "2020.08.14"]
[EventType "team"]

1. d4 Nf6 2. Nf3 e6 3. g3 c5 4. Bg2 Nc6 5. O-O d5 6. c4 b6 7. cxd5 exd5 8. Nc3
Bb7 9. Bg5 Be7 10. dxc5 Bxc5 11. Bxf6 Qxf6 12. Nxd5 Qd6 13. Nc3 Qg6 14. Ne5 Nxe5
15. Bxb7 Rd8 16. Qa4+ Nd7 17. Rad1 Qe6 18. Nb5 O-O 19. Nxa7 Ne5 20. Bg2 Ng4 21.
Bf3 Rxd1 22. Rxd1 Nxf2 23. Rf1 Ng4+ 24. Kh1 Nf2+ 25. Kg2 Qh3+ 26. Kg1 Ng4+ 27.
Rf2 Qxh2+ 28. Kf1 Qxf2# 0-1

[Event "Online Olym Div2 E 2020"]
[Site "chess.com INT"]
[Date "2020.08.15"]
[Round "5.1"]
[Board "2"]
[White "Fernandez Reyes, Lisandro"]
[Black "Diaz Rosas, Julio Cesar"]
[Result "0-1"]
[WhiteTitle "IM"]
[BlackTitle "FM"]
[WhiteElo "2379"]
[BlackElo "2367"]
[WhiteTeam "Ecuador"]
[BlackTeam "Mexico"]
[WhiteFideId "3504190"]
[BlackFideId "5105099"]
[EventDate "2020.08.14"]
[EventType "team"]

1. Nf3 Nf6 2. b3 g6 3. Bb2 Bg7 4. d4 O-O 5. Nbd2 d5 6. e3 a5 7. a3 c6 8. Bd3 Re8
9. O-O Qc7 10. Ne5 c5 11. f4 Nc6 12. Ndf3 b6 13. Qe2 Rf8 14. Nxc6 Qxc6 15. Ne5
Qc7 16. a4 Ne4 17. c4 Bb7 18. Rac1 Rad8 19. Bxe4 dxe4 20. d5 f6 21. Ng4 Qd7 22.
Rcd1 e6 23. dxe6 Qxe6 24. Nf2 f5 25. Bxg7 Kxg7 26. g4 Qf6 27. gxf5 gxf5 28. Kh1
Bc6 29. Rg1+ Kh8 30. Nh3 Rxd1 31. Rxd1 Rg8 32. Ng5 Be8 33. Rg1 h6 34. Nh3 Qc3
35. Rxg8+ Kxg8 36. Ng1 Qxb3 37. Qg2+ Kh7 38. Qd2 Qxc4 39. Qd8 Qe6 40. Ne2 Qd7
41. Qxb6 Bh5 42. Ng1 Bf3+ 43. Nxf3 exf3 44. Qb1 Kg6 45. Qg1+ Kf6 46. Qa1+ Kf7
47. Qb1 Qd5 48. Kg1 Qe4 49. Qb3+ c4 50. Qc3 Qd3 51. Qe5 Qd1+ 52. Kf2 Qe2+ 53.
Kg3 Qg2+ 54. Kh4 Qg4# 0-1

[Event "Online Olym Div2 E 2020"]
[Site "chess.com INT"]
[Date "2020.08.15"]
[Round "5.1"]
[Board "3"]
[White "Corrales Jimenez, Zenia"]
[Black "Fierro Baquero, Martha L."]
[Result "0-1"]
[WhiteTitle "WIM"]
[BlackTitle "IM"]
[WhiteElo "2234"]
[BlackElo "2359"]
[WhiteTeam "Mexico"]
[BlackTeam "Ecuador"]
[WhiteFideId "3506355"]
[BlackFideId "3600270"]
[EventDate "2020.08.14"]
[EventType "team"]

1. e4 g6 2. d4 Bg7 3. Nf3 c6 4. h3 d6 5. Bc4 Nf6 6. Qe2 O-O 7. e5 dxe5 8. dxe5
Nd5 9. O-O b5 10. Bb3 a5 11. Rd1 Be6 12. a4 b4 13. Nd4 Qc7 14. Bxd5 Bxd5 15. f4
e6 16. Be3 Nd7 17. Nd2 c5 18. Nb5 Qc6 19. c4 bxc3 20. bxc3 c4 21. Nf3 Nc5 22.
Bxc5 Qxc5+ 23. Nfd4 Rad8 24. Kh1 Rd7 25. Rab1 f6 26. exf6 Rxf6 27. Rf1 Rdf7 28.
Rbe1 Qb6 29. Qg4 Qb8 30. Nxe6 h5 31. Qe2 Rxe6 32. Qxe6 Bxe6 33. Rxe6 Rxf4 34.
Rfe1 Kh7 35. Re8 Qb6 36. R8e6 Qf2 37. R6e2 Qh4 38. Kh2 Rf2 39. Re4 Qg5 40. Rg1
Be5+ 41. Kh1 Qg3 42. Rxe5 Qxe5 43. Nd4 Qf6 44. Kh2 Qf4+ 45. Kh1 Rf1 0-1

[Event "Online Olym Div2 E 2020"]
[Site "chess.com INT"]
[Date "2020.08.15"]
[Round "5.1"]
[Board "4"]
[White "Heredia Serrano, Carla"]
[Black "Guerrero Rodriguez, Alejandra"]
[Result "1/2-1/2"]
[WhiteTitle "WGM"]
[BlackTitle "WIM"]
[WhiteElo "2114"]
[BlackElo "2068"]
[WhiteTeam "Ecuador"]
[BlackTeam "Mexico"]
[WhiteFideId "3603687"]
[BlackFideId "5104297"]
[EventDate "2020.08.14"]
[EventType "team"]

1. d4 c5 2. d5 d6 3. Nf3 g6 4. Nc3 Bg7 5. e4 Nf6 6. Bb5+ Nbd7 7. a4 O-O 8. O-O
a6 9. Bc4 Ne8 10. a5 b5 11. axb6 Nxb6 12. Be2 Nc7 13. h3 Bd7 14. Bf4 Bb5 15. Re1
Bxe2 16. Qxe2 Qd7 17. Rad1 Nb5 18. e5 Nxc3 19. bxc3 Qf5 20. Bg3 Na4 21. Qd2 Nb2
22. Rb1 Rab8 23. exd6 Nc4 24. Qd3 Rxb1 25. Rxb1 Nxd6 26. Qxf5 Nxf5 27. Be5 Rd8
28. c4 1/2-1/2

[Event "Online Olym Div2 E 2020"]
[Site "chess.com INT"]
[Date "2020.08.15"]
[Round "5.1"]
[Board "5"]
[White "Tello Chavez, Isaac Valent"]
[Black "Aspiazu Sibri, Marlon"]
[Result "0-1"]
[WhiteTitle "FM"]
[WhiteElo "2275"]
[BlackElo "1957"]
[WhiteTeam "Mexico"]
[BlackTeam "Ecuador"]
[WhiteFideId "5114241"]
[BlackFideId "3621243"]
[EventDate "2020.08.14"]
[EventType "team"]

1. c4 Nf6 2. g3 g6 3. Bg2 Bg7 4. Nc3 d6 5. e4 O-O 6. Nge2 e5 7. d3 c6 8. O-O a6
9. h3 b5 10. Be3 Be6 11. b3 b4 12. Na4 c5 13. f4 exf4 14. gxf4 Nh5 15. Rb1 Nc6
16. e5 Rc8 17. exd6 Nd4 18. Nxc5 Nxe2+ 19. Qxe2 Ng3 20. Qf3 Nxf1 21. Nb7 Nd2 22.
Bxd2 Qb6+ 23. Kh1 Bd4 24. Re1 Rfe8 25. Kh2 Bd7 26. Rxe8+ Bxe8 27. d7 Bxd7 28.
Qd5 Bc6 29. c5 Qxb7 30. Qxd4 Bxg2 31. Bxb4 Bh1 32. Kg3 Qg2+ 33. Kh4 Qd5 34. Qf6
Qh5+ 35. Kg3 Qf3+ 36. Kh4 Qf2+ 37. Kg4 Bf3+ 38. Kg5 Qg3+ 39. Kh6 Qxh3+ 0-1

[Event "Online Olym Div2 E 2020"]
[Site "chess.com INT"]
[Date "2020.08.15"]
[Round "5.1"]
[Board "6"]
[White "Ortiz Verdezoto, Anahi"]
[Black "Lopez Sanchez, Anastacia Antonia"]
[Result "0-1"]
[WhiteTitle "WIM"]
[BlackTitle "WCM"]
[WhiteElo "2013"]
[BlackElo "1809"]
[WhiteTeam "Ecuador"]
[BlackTeam "Mexico"]
[WhiteFideId "3614581"]
[BlackFideId "5115825"]
[EventDate "2020.08.14"]
[EventType "team"]

1. d4 g6 2. c4 Bg7 3. Nc3 Nf6 4. e4 O-O 5. h3 d6 6. Be3 Nbd7 7. Nf3 c5 8. d5 a6
9. Bd3 Ne8 10. Qd2 Nc7 11. Bh6 b5 12. Bxg7 Kxg7 13. cxb5 axb5 14. Nxb5 Nxb5 15.
Bxb5 Ba6 16. Bxa6 Rxa6 17. O-O Qa8 18. b3 Rb8 19. h4 Nf6 20. Qb2 Kg8 21. Rfe1
Rb4 22. Nd2 Rb7 23. Nc4 Rba7 24. a3 h5 25. Qc3 Qb7 26. Rad1 Ng4 27. a4 f6 28. f4
Ra8 29. e5 dxe5 30. fxe5 Rd8 31. d6 fxe5 32. Na5 Qb6 33. Qc4+ Kg7 34. dxe7 Re8
35. Rf1 Rxe7 36. b4 cxb4+ 37. Kh1 Rxa5 38. Qc8 Nf6 39. Rd8 Rc5 40. Rg8+ Nxg8 41.
Qf8+ Kh7 42. Rf7+ Rxf7 43. Qxf7+ Kh8 44. Qf8 Rc1+ 0-1

[Event "Online Olym Div2 E 2020"]
[Site "chess.com INT"]
[Date "2020.08.15"]
[Round "5.2"]
[Board "2"]
[White "Duran Vega, Sergio"]
[Black "Varacalli, Francisco"]
[Result "0-1"]
[WhiteTitle "IM"]
[BlackTitle "IM"]
[WhiteElo "2340"]
[BlackElo "2332"]
[WhiteTeam "Costa Rica"]
[BlackTeam "Argentina"]
[WhiteFideId "6501311"]
[BlackFideId "139327"]
[EventDate "2020.08.14"]
[EventType "team"]

1. Nf3 Nf6 2. c4 g6 3. Nc3 Bg7 4. e4 d6 5. d4 O-O 6. Be2 c5 7. d5 e5 8. O-O Nbd7
9. Ne1 Ne8 10. Nd3 f5 11. f4 exf4 12. exf5 g5 13. g3 Ne5 14. gxf4 Nxc4 15. Nxc5
dxc5 16. Bxc4 Bd4+ 17. Kh1 Nd6 18. Bd3 Bxf5 19. Bxf5 Nxf5 20. fxg5 Qd7 21. Bf4
b5 22. d6 Ng3+ 0-1

[Event "Online Olym Div2 E 2020"]
[Site "chess.com INT"]
[Date "2020.08.15"]
[Round "5.2"]
[Board "6"]
[White "Salazar Gould, Melanie"]
[Black "Borda Rodas, Anapaola S."]
[Result "0-1"]
[WhiteTitle "WFM"]
[BlackTitle "WFM"]
[WhiteElo "1957"]
[BlackElo "2138"]
[WhiteTeam "Costa Rica"]
[BlackTeam "Argentina"]
[WhiteFideId "6505090"]
[BlackFideId "152781"]
[EventDate "2020.08.14"]
[EventType "team"]

1. e4 e5 2. Bc4 Nf6 3. Qe2 Bc5 4. Nf3 Nc6 5. d3 d6 6. c3 h6 7. Bb3 a5 8. a4 Be6
9. Bc2 O-O 10. Nbd2 d5 11. h3 Re8 12. Nf1 Nd7 13. g4 Nb6 14. b3 d4 15. c4 Bb4+
16. Bd2 Bxd2+ 17. Qxd2 Qf6 18. N1h2 Nb4 19. O-O-O Na2+ 20. Kb2 Nc3 21. Bb1 Bxc4
22. dxc4 Ncxa4+ 23. Ka1 Nc3 24. Rc1 a4 25. Rxc3 dxc3 26. Qxc3 axb3+ 27. Ba2
Rxa2+ 28. Kb1 Na4 29. Qxb3 Rb2+ 30. Qxb2 Nxb2 31. Kxb2 Qb6+ 32. Kc3 Ra8 33. Re1
Ra3+ 34. Kc2 Qxf2+ 35. Kb1 Rb3+ 36. Kc1 Qb2+ 37. Kd1 Rd3+ 38. Nd2 Qxd2# 0-1

[Event "Online Olym Div2 E 2020"]
[Site "chess.com INT"]
[Date "2020.08.15"]
[Round "5.3"]
[Board "1"]
[White "Ruiz Castillo, Joshua Daniel"]
[Black "Zambrana, Oswaldo"]
[Result "1/2-1/2"]
[WhiteTitle "GM"]
[BlackTitle "GM"]
[WhiteElo "2498"]
[BlackElo "2438"]
[WhiteTeam "Colombia"]
[BlackTeam "Bolivia"]
[WhiteFideId "4400704"]
[BlackFideId "3300200"]
[EventDate "2020.08.14"]
[EventType "team"]

1. e4 c5 2. Nc3 Nc6 3. Bb5 e6 4. Nf3 Nge7 5. O-O a6 6. Be2 Nd4 7. Re1 Nec6 8.
Nxd4 Nxd4 9. Bf1 b5 10. a4 b4 11. Ne2 Be7 12. c3 Nxe2+ 13. Qxe2 O-O 14. d4 bxc3
15. bxc3 cxd4 16. cxd4 Bb4 17. Bd2 Bxd2 18. Qxd2 a5 19. Rab1 d6 20. Bb5 Bb7 21.
f3 d5 22. e5 Qb6 23. Kf2 h6 24. Rec1 Qa7 25. Rc7 Rac8 26. Re7 Qa8 27. f4 Bc6 28.
f5 exf5 29. e6 Bxb5 30. Rxb5 Rc6 31. exf7+ Rxf7 32. Rxf7 Kxf7 33. Qf4 Qc8 34. h3
Qe6 35. Rxa5 Rc2+ 36. Kg1 Qe1+ 37. Kh2 Rxg2+ 38. Kxg2 Qxa5 39. Qxf5+ Ke7 40. Qc2
Qb4 41. Qc7+ Ke8 42. Qe5+ Kf8 43. Qf5+ Ke7 44. Qe5+ Kf8 45. Qxd5 Qxa4 46. Qf5+
Ke7 47. Qe4+ Kf7 48. h4 Qa2+ 49. Kg3 Qe6 50. Qf4+ Ke7 51. h5 Qe1+ 52. Kh3 Qh1+
53. Kg4 Qd1+ 54. Kh4 Qh1+ 55. Kg4 Qd1+ 56. Kh4 Qh1+ 57. Kg4 1/2-1/2

[Event "Online Olym Div2 E 2020"]
[Site "chess.com INT"]
[Date "2020.08.15"]
[Round "5.3"]
[Board "2"]
[White "Gemy, Jose Daniel"]
[Black "Barrientos, Sergio E"]
[Result "0-1"]
[WhiteTitle "IM"]
[BlackTitle "GM"]
[WhiteElo "2380"]
[BlackElo "2457"]
[WhiteTeam "Bolivia"]
[BlackTeam "Colombia"]
[WhiteFideId "3301478"]
[BlackFideId "4401824"]
[EventDate "2020.08.14"]
[EventType "team"]

1. Nf3 Nf6 2. c4 e6 3. g3 d5 4. Bg2 dxc4 5. Qa4+ Nbd7 6. O-O a6 7. Qxc4 b5 8.
Qc2 Bb7 9. a4 Be7 10. axb5 axb5 11. Rxa8 Qxa8 12. Qxc7 O-O 13. Qc2 Rc8 14. Qd1
Qa1 15. Na3 b4 16. Nc2 Qb1 17. Ne3 Nb6 18. d3 Qa2 19. Nd2 Bxg2 20. Kxg2 h5 21.
Nec4 Nbd5 22. e4 Nc7 23. e5 Nfd5 24. Qxh5 Nb5 25. Qg4 Rd8 26. Qe4 Ndc7 27. f4
Rd4 28. Qe2 Nd5 29. Nf3 Ndc3 30. Qd2 Nb1 31. Qc2 Rd5 32. Qe2 N1c3 33. Qd2 Na4
34. Ne3 Rd8 35. Rf2 Bc5 36. Re2 Nd4 37. Nxd4 Rxd4 38. Nc4 Bf8 39. Qc2 Nc5 40.
Be3 b3 41. Qc1 Nxd3 42. Qc3 Rd8 43. Nd2 Qa8+ 44. Nf3 Bb4 45. Qxb3 Ne1+ 46. Rxe1
Bxe1 47. Qc2 Bb4 48. Kf2 Rc8 49. Qe2 Qa4 50. Nd4 Bc5 51. b3 Qa7 52. Nc2 Qa2 53.
Bxc5 Rxc5 54. Nd4 Qb1 55. Kg2 Rd5 56. Nf3 Qxb3 57. Ng5 Rc5 58. Qh5 Qc2+ 59. Kh3
Qf5+ 60. Qg4 Qg6 61. Nf3 Qh7+ 62. Qh4 Qf5+ 63. Qg4 Qd3 64. Qh4 Rc2 65. Qg4 Qh7+
66. Nh4 Qe4 67. Qd1 Kh7 68. Kg4 Rxh2 69. Qg1 Rh1 70. Qf2 Qd3 71. Qa7 Qd1+ 72.
Kg5 Rh3 73. Qe3 Qc2 74. Kg4 Rh2 75. Kg5 Rh1 76. Kg4 Qd1+ 77. Kg5 Re1 78. Qa7 Rg1
79. Qe3 Re1 80. Qa7 Qd3 81. Qf2 Re2 82. Qg1 Re3 83. Kg4 Qe2+ 84. Kg5 Rb3 85. g4
Rh3 86. f5 Qd2+ 87. Kh5 Qh6# 0-1

[Event "Online Olym Div2 E 2020"]
[Site "chess.com INT"]
[Date "2020.08.15"]
[Round "5.3"]
[Board "4"]
[White "Estrada, Lucia"]
[Black "Franco Valencia, Angela"]
[Result "0-1"]
[WhiteTitle "WIM"]
[BlackTitle "WIM"]
[WhiteElo "1888"]
[BlackElo "2089"]
[WhiteTeam "Bolivia"]
[BlackTeam "Colombia"]
[WhiteFideId "3301923"]
[BlackFideId "4403070"]
[EventDate "2020.08.14"]
[EventType "team"]

1. d4 Nf6 2. Nf3 c5 3. e3 g6 4. dxc5 Qa5+ 5. Nbd2 Qxc5 6. a3 Bg7 7. Bd3 O-O 8.
b4 Qc7 9. Rb1 a6 10. c4 d5 11. O-O Rd8 12. Qc2 e5 13. cxd5 Qxc2 14. Bxc2 Nxd5
15. Bb2 Nc6 16. Nc4 f6 17. e4 Nf4 18. Nb6 Rb8 19. Bb3+ Be6 20. Bxe6+ Nxe6 21.
Rfd1 Ned4 22. Nxd4 Nxd4 23. Bxd4 Rxd4 24. Rxd4 exd4 25. Nd7 Rc8 26. Nc5 b6 27.
Nxa6 d3 28. Kf1 Bh6 29. Rd1 d2 30. Ke2 Rc4 31. f3 Rc3 32. Nb8 Kf7 33. Nd7 b5 34.
Nb6 Rxa3 35. Nd5 Rb3 36. f4 f5 37. e5 Bf8 38. Rxd2 Bxb4 39. Nxb4 Rxb4 40. Rd7+
Ke6 41. Rd6+ Ke7 42. Ke3 Rb2 43. Rd2 Rb4 44. g3 g5 45. Rd4 Rb3+ 46. Rd3 Rb1 47.
fxg5 Ke6 48. Kf4 Rf1+ 49. Ke3 Re1+ 50. Kf4 Re4+ 51. Kf3 Rxe5 52. h4 b4 53. Rd8
Rb5 54. Re8+ Kf7 55. Ra8 b3 56. Ra7+ Ke6 57. Rxh7 b2 58. Rh6+ Ke5 59. Rh8 b1=Q
60. Re8+ Kd6 0-1

[Event "Online Olym Div2 E 2020"]
[Site "chess.com INT"]
[Date "2020.08.15"]
[Round "5.3"]
[Board "5"]
[White "Avila Pavas, Santiago"]
[Black "Bolanos, Fernando"]
[Result "0-1"]
[WhiteTitle "IM"]
[BlackTitle "CM"]
[WhiteElo "2393"]
[BlackElo "2287"]
[WhiteTeam "Colombia"]
[BlackTeam "Bolivia"]
[WhiteFideId "4437128"]
[BlackFideId "3304094"]
[EventDate "2020.08.14"]
[EventType "team"]

1. d4 Nf6 2. Nf3 d5 3. Bf4 e6 4. e3 c5 5. c3 Nc6 6. Nbd2 Bd6 7. Bg3 O-O 8. Bd3
Qe7 9. Ne5 Ne8 10. f4 g6 11. Qe2 f6 12. Nxc6 bxc6 13. Nf3 Rb8 14. O-O-O Bd7 15.
h4 Ng7 16. Bh2 c4 17. Bb1 Ba3 18. Rd2 Rxb2 19. Rxb2 Rb8 20. Rd1 Rxb2 21. Qxb2
Bxb2+ 22. Kxb2 Nf5 23. Bg1 Qd8 24. Bxf5 exf5 25. Bf2 Qb6+ 26. Ka1 Qa5 27. Be1
Bc8 28. Rb1 Ba6 29. Rb4 Qa3 30. Kb1 Bb5 31. Bd2 Kf7 32. Ne1 Qa5 33. Rb2 Qd8 34.
Kc1 Qe7 35. g3 Kg7 36. Nf3 Qe4 0-1

[Event "Online Olym Div2 E 2020"]
[Site "chess.com INT"]
[Date "2020.08.15"]
[Round "5.3"]
[Board "6"]
[White "Mamani, Anahi"]
[Black "Toro Castaneda, Elizabeth"]
[Result "1/2-1/2"]
[WhiteTitle "WFM"]
[BlackTitle "CM"]
[WhiteElo "1832"]
[BlackElo "1989"]
[WhiteTeam "Bolivia"]
[BlackTeam "Colombia"]
[WhiteFideId "3311589"]
[BlackFideId "4429559"]
[EventDate "2020.08.14"]
[EventType "team"]

1. e4 c5 2. Nf3 d6 3. c4 Nf6 4. Nc3 e5 5. d3 h6 6. Be2 Be7 7. O-O O-O 8. Nd5 Nc6
9. a3 Be6 10. Bd2 Nd7 11. b4 f5 12. h3 f4 13. b5 Nd4 14. Nxd4 cxd4 15. Bg4 Bf7
16. Bf5 Nc5 17. Bb4 g6 18. Bxc5 dxc5 19. Qg4 h5 20. Qf3 gxf5 21. Nxe7+ Qxe7 22.
exf5 Rad8 23. g4 hxg4 24. hxg4 Kg7 25. Kg2 Rh8 26. Rh1 Qg5 27. Rag1 Rxh1 28.
Rxh1 Rh8 29. Rxh8 Kxh8 30. Qh3+ Kg7 31. f3 b6 32. Qh1 Qh6 33. Qd1 Qh4 34. Qe2
Qg3+ 35. Kf1 Kf6 36. Qf2 Qh3+ 37. Qg2 Qxg2+ 38. Kxg2 Kg5 39. a4 Be8 40. Kh3 Bd7
41. Kg2 Kh4 42. Kh2 Kg5 43. Kg2 Bc8 44. Kh2 Bb7 45. Kg2 Ba8 46. Kf2 Bb7 47. Kg2
Bc8 48. Kh3 Bd7 49. Kg2 1/2-1/2

[Event "Online Olym Div2 E 2020"]
[Site "chess.com INT"]
[Date "2020.08.15"]
[Round "5.4"]
[Board "1"]
[White "Djukic, Nikola"]
[Black "Banusz, Tamas"]
[Result "0-1"]
[WhiteTitle "GM"]
[BlackTitle "GM"]
[WhiteElo "2525"]
[BlackElo "2628"]
[WhiteTeam "Montenegro"]
[BlackTeam "Hungary"]
[WhiteFideId "922412"]
[BlackFideId "722413"]
[EventDate "2020.08.14"]
[EventType "team"]

1. e4 e5 2. Nf3 Nf6 3. Nxe5 d6 4. Nf3 Nxe4 5. Nc3 Nxc3 6. dxc3 Be7 7. Bf4 O-O 8.
Qd2 Nd7 9. O-O-O Nc5 10. Bc4 Be6 11. Bxe6 Nxe6 12. Be3 Qd7 13. h4 Rfe8 14. Qd5
Qc6 15. Qf5 g6 16. Qh3 Qe4 17. Ng5 Qf5 18. Qxf5 gxf5 19. Nf3 h5 20. Nd4 Nxd4 21.
Bxd4 Kh7 22. Rd3 Bf8 23. Be3 Re4 24. Kd1 Rae8 25. Rd5 Kg6 26. g3 c6 27. Rd3 d5
28. a3 b6 29. Rf1 Bc5 30. Bxc5 bxc5 31. b3 f4 32. Rg1 Kf5 33. gxf4 f6 34. Kc1
Rxf4 35. Rd2 Rxh4 36. Rg7 Rh1+ 37. Rd1 Rxd1+ 38. Kxd1 a5 39. a4 h4 40. Rh7 Kg4
41. Rg7+ Kf3 42. Rf7 Re6 43. Rh7 Re4 44. Rh6 f5 45. Re6 Rxe6 0-1

[Event "Online Olym Div2 E 2020"]
[Site "chess.com INT"]
[Date "2020.08.15"]
[Round "5.4"]
[Board "2"]
[White "Balog, Imre"]
[Black "Tomic, Aleksandar"]
[Result "1/2-1/2"]
[WhiteTitle "GM"]
[BlackTitle "FM"]
[WhiteElo "2567"]
[BlackElo "2373"]
[WhiteTeam "Hungary"]
[BlackTeam "Montenegro"]
[WhiteFideId "728446"]
[BlackFideId "16501799"]
[EventDate "2020.08.14"]
[EventType "team"]

1. d4 Nf6 2. c4 e6 3. Nf3 Bb4+ 4. Bd2 Qe7 5. g3 b6 6. Bg2 Bb7 7. O-O Bxd2 8.
Qxd2 d6 9. Nc3 Ne4 10. Nxe4 Bxe4 11. Qf4 f5 12. d5 e5 13. Qe3 a5 14. Bh3 Bxf3
15. Qxf3 g6 16. e4 fxe4 17. Qxe4 Na6 18. f4 Nc5 19. Qe3 O-O 20. Rae1 Rae8 21.
Re2 Qf6 22. fxe5 Qxe5 23. Rxf8+ Rxf8 24. Qxe5 dxe5 25. Rxe5 Kg7 26. Re7+ Rf7 27.
Re2 Kf6 28. Kf1 Re7 29. Rf2+ Ke5 30. Re2+ Kd6 31. Rxe7 Kxe7 32. Ke2 Na4 33. b3
Nc3+ 34. Ke3 Nxa2 35. Kd4 Kd6 36. Bf1 Nb4 37. Be2 Na6 38. Bd1 Nc5 39. Bc2 Nd7
40. Bd3 Nc5 41. Bc2 Nd7 42. h4 Ke7 43. g4 Kd6 44. g5 Ne5 45. Bd1 Nd7 46. h5 Ke7
47. h6 Kd6 48. Ke4 Nc5+ 49. Kf4 Nd3+ 50. Ke3 Ne5 51. Bc2 Ke7 52. Kf4 Nf7 53. Bb1
Kd6 54. Be4 Ke7 55. Bg2 Nd6 56. Bh3 a4 57. bxa4 Nxc4 58. Be6 Kf8 59. Ke4 Nd6+
60. Ke5 Nc4+ 61. Kf6 Nd6 62. Ke5 Nc4+ 63. Ke4 Nd6+ 64. Kd4 Nf7 65. Bxf7 Kxf7 66.
Ke4 Kf8 67. Kf4 Kf7 68. Kf3 Kf8 69. Ke3 Ke8 70. Kd3 Kd7 71. Kc4 Ke7 72. Kc3 Kd7
73. Kd3 Ke7 74. Ke3 Kf7 75. Kd4 Kf8 76. d6 c6 77. Ke5 Kf7 78. d7 Ke7 79. d8=Q+
Kxd8 80. Kf6 c5 81. Kg7 Ke7 82. Kxh7 Kf7 83. a5 bxa5 84. Kh8 a4 85. h7 Kf8 1/2-1/2